[Event "37th Reykjavik op"]
[Site "Reykjavik ISL"]
[Date "2024.03.18"]
[Round "6.32"]
[White "Magnusdottir, Veronika Steinunn"]
[Black "Karsten, Jan"]
[WhiteElo "1812"]
[BlackElo "2323"]
[Result "0-1"]
[EventDate "2024.03.15"]
[PlyCount "64"]

1. e4 { [%eval 0.13] } 1... e5 { [%eval 0.17] [%clk 1:27:49] } 2. Nf3 { [%eval 0.21] [%clk 1:31:09] } 2... Nc6 { [%eval 0.13] [%clk 1:28:14] } 3. Bc4 { [%eval 0.14] [%clk 1:31:32] } 3... Nf6 { [%eval 0.21] [%clk 1:28:39] } 4. d3 { [%eval 0.21] [%clk 1:31:43] } 4... h6 { [%eval 0.44] [%clk 1:28:42] } 5. c3 { [%eval 0.37] [%clk 1:31:02] } 5... d6 { [%eval 0.31] [%clk 1:27:45] } 6. O-O { [%eval 0.43] [%clk 1:29:44] } 6... g5 { [%eval 0.42] [%clk 1:27:27] } 7. Re1 { [%eval 0.28] [%clk 1:25:11] } 7... Bg7 { [%eval 0.42] [%clk 1:26:18] } 8. Nbd2?! { [%eval -0.39] } { Inaccuracy. a4 was best. } { [%clk 1:24:37] } (8. a4 g4 9. Nfd2 h5 10. Nf1 h4 11. Na3 Bh6 12. Bxh6 Rxh6) 8... g4 { [%eval -0.44] [%clk 1:24:45] } 9. Nh4 { [%eval -0.46] [%clk 1:20:21] } 9... Nxe4 { [%eval -0.44] [%clk 1:24:52] } 10. dxe4 { [%eval -0.48] [%clk 1:06:16] } 10... Qxh4 { [%eval -0.39] [%clk 1:22:21] } 11. Nf1 { [%eval -0.38] [%clk 1:03:50] } 11... h5 { [%eval -0.48] [%clk 1:17:30] } 12. Ne3 { [%eval -0.46] [%clk 0:58:02] } 12... Ne7 { [%eval -0.48] [%clk 1:15:36] } 13. Bb5+ { [%eval -0.59] [%clk 0:51:22] } 13... Kf8 { [%eval -0.7] [%clk 1:02:53] } 14. c4 { [%eval -0.79] [%clk 0:42:55] } 14... Be6 { [%eval -0.66] [%clk 0:57:42] } 15. Nd5 { [%eval -0.96] [%clk 0:37:10] } 15... Bxd5?! { [%eval -0.07] } { Inaccuracy. c6 was best. } { [%clk 0:47:07] } (15... c6 16. Nc7) 16. cxd5 { [%eval -0.1] [%clk 0:37:32] } 16... c6 { [%eval -0.18] [%clk 0:46:34] } 17. dxc6 { [%eval -0.24] [%clk 0:37:08] } 17... bxc6 { [%eval -0.19] [%clk 0:47:00] } 18. Bc4 { [%eval -0.25] [%clk 0:24:48] } 18... Qf6 { [%eval -0.1] [%clk 0:45:56] } 19. Bd2 { [%eval -0.42] [%clk 0:18:54] } 19... Bh6?! { [%eval 0.33] } { Inaccuracy. d5 was best. } { [%clk 0:43:03] } (19... d5) 20. Bb4 { [%eval 0.26] [%clk 0:18:46] } 20... Rd8 { [%eval 0.22] [%clk 0:42:59] } 21. Qa4?! { [%eval -0.65] } { Inaccuracy. Qe2 was best. } { [%clk 0:17:18] } (21. Qe2) 21... Rd7?! { [%eval 0.31] } { Inaccuracy. h4 was best. } { [%clk 0:41:38] } (21... h4) 22. Rad1 { [%eval 0.33] [%clk 0:14:37] } 22... Kg7 { [%eval 0.34] [%clk 0:41:42] } 23. Rd3 { [%eval 0.0] [%clk 0:12:48] } 23... Qg6?! { [%eval 0.61] } { Inaccuracy. d5 was best. } { [%clk 0:34:12] } (23... d5 24. Bxe7 Qxe7 25. exd5 cxd5 26. Bxd5 Rhd8 27. Qe4 f5 28. Qxe5+ Qxe5 29. Rxe5 Kg6 30. Re6+) 24. Red1?! { [%eval -0.22] } { Inaccuracy. h4 was best. } { [%clk 0:06:19] } (24. h4 Kh7) 24... Rhd8 { [%eval -0.08] [%clk 0:25:25] } 25. Ba5 { [%eval 0.06] [%clk 0:06:15] } 25... Rc8 { [%eval 0.33] [%clk 0:19:35] } 26. Bb4 { [%eval -0.12] [%clk 0:05:53] } 26... d5 { [%eval -0.02] [%clk 0:14:49] } 27. exd5 { [%eval 0.0] [%clk 0:04:16] } 27... Nxd5 { [%eval 0.0] [%clk 0:14:56] } 28. Bxd5?? { [%eval -2.14] } { Blunder. Bc3 was best. } { [%clk 0:01:07] } (28. Bc3 Nxc3 29. bxc3 Re7 30. Rd7 Rxd7 31. Rxd7 Rb8 32. Bb3 Qf5 33. Rd1 Bg5 34. Qxa7 Rd8) 28... Rxd5 { [%eval -1.87] [%clk 0:15:19] } 29. Rxd5 { [%eval -2.17] [%clk 0:00:57] } 29... cxd5 { [%eval -2.0] [%clk 0:15:45] } 30. Rxd5?? { [%eval -8.53] } { Blunder. Qxa7 was best. } { [%clk 0:00:38] } (30. Qxa7 Qf5 31. Qa5 d4 32. Re1 Rc2 33. Qxe5+ Qxe5 34. Rxe5 d3 35. Kf1 Rc1+ 36. Re1 d2) 30... Rc1+ { [%eval #-13] [%clk 0:15:41] } 31. Rd1 { [%eval #-13] [%clk 0:01:03] } 31... Qb1 { [%eval #-12] [%clk 0:16:01] } 32. g3 { [%eval #-12] [%clk 0:00:32] } 32... Rxd1+ { [%eval -11.3] [%clk 0:16:23] } 0-1

[Event "37th Reykjavik op"]
[Site "Reykjavik ISL"]
[Date "2024.03.18"]
[Round "6.33"]
[White "Papadiamandis, Elliot"]
[Black "Hauksdottir, Hrund"]
[WhiteElo "2302"]
[BlackElo "1859"]
[Result "1-0"]
[EventDate "2024.03.15"]
[PlyCount "71"]

1. e4 { [%eval 0.13] [%clk 1:27:23] } 1... e5 { [%eval 0.17] [%clk 1:30:48] } 2. Nf3 { [%eval 0.21] [%clk 1:26:50] } 2... Nc6 { [%eval 0.13] [%clk 1:31:02] } 3. Bb5 { [%eval 0.21] [%clk 1:26:49] } 3... a6 { [%eval 0.2] [%clk 1:30:59] } 4. Ba4 { [%eval 0.31] [%clk 1:26:57] } 4... Nf6 { [%eval 0.14] [%clk 1:30:15] } 5. d3 { [%eval 0.04] [%clk 1:26:49] } 5... b5 { [%eval 0.21] [%clk 1:29:41] } 6. Bb3 { [%eval 0.11] [%clk 1:27:18] } 6... Be7 { [%eval 0.32] [%clk 1:29:28] } 7. a4 { [%eval 0.17] [%clk 1:25:10] } 7... Rb8 { [%eval 0.5] [%clk 1:26:59] } 8. axb5 { [%eval 0.3] [%clk 1:19:54] } 8... axb5 { [%eval 0.3] [%clk 1:27:00] } 9. Nc3 { [%eval 0.28] [%clk 1:15:33] } 9... O-O { [%eval 0.27] [%clk 1:25:32] } 10. Nd5 { [%eval 0.28] [%clk 1:11:39] } 10... d6 { [%eval 0.54] [%clk 1:19:32] } 11. O-O { [%eval 0.29] [%clk 0:58:51] } 11... Bg4 { [%eval 0.77] [%clk 1:17:18] } 12. c3 { [%eval 0.92] [%clk 0:59:04] } 12... h6 { [%eval 0.87] [%clk 1:00:45] } 13. h3 { [%eval 0.79] [%clk 0:54:02] } 13... Bc8 { [%eval 0.9] [%clk 0:30:16] } 14. Nh2 { [%eval 0.76] [%clk 0:43:55] } 14... Re8?! { [%eval 1.59] } { Inaccuracy. b4 was best. } { [%clk 0:21:08] } (14... b4 15. Be3 Nh7 16. Nf3 bxc3 17. bxc3 Bd7 18. Bc4 Bg5 19. Nxg5 Nxg5 20. f4 exf4 21. Nxf4) 15. Qf3?! { [%eval 0.83] } { Inaccuracy. f4 was best. } { [%clk 0:28:48] } (15. f4 exf4 16. d4 Nxe4 17. Nxf4 Bg5 18. Bd5 Bb7 19. Nh5 Bxc1 20. Rxc1 Kh8 21. Rxf7 Re7) 15... Be6 { [%eval 0.72] [%clk 0:12:10] } 16. Ra6 { [%eval 0.7] [%clk 0:28:44] } 16... Bxd5 { [%eval 0.71] [%clk 0:10:04] } 17. Bxd5 { [%eval 0.75] [%clk 0:23:15] } 17... Nxd5 { [%eval 0.71] [%clk 0:10:02] } 18. exd5 { [%eval 0.81] [%clk 0:23:34] } 18... e4 { [%eval 0.74] [%clk 0:10:16] } 19. dxe4 { [%eval 0.75] [%clk 0:23:44] } 19... Ne5 { [%eval 0.68] [%clk 0:09:56] } 20. Qd1 { [%eval 0.71] [%clk 0:21:54] } 20... Qc8 { [%eval 0.66] [%clk 0:08:25] } 21. Ra7 { [%eval 0.72] [%clk 0:20:11] } 21... Rb7?! { [%eval 1.33] } { Inaccuracy. Bf6 was best. } { [%clk 0:07:42] } (21... Bf6 22. f4) 22. Rxb7 { [%eval 1.39] [%clk 0:19:25] } 22... Qxb7 { [%eval 1.41] [%clk 0:08:08] } 23. Ng4 { [%eval 1.44] [%clk 0:19:32] } 23... Bf8 { [%eval 1.65] [%clk 0:06:03] } 24. Bxh6 { [%eval 1.62] [%clk 0:13:52] } 24... Nc4?! { [%eval 2.71] } { Inaccuracy. Nd7 was best. } { [%clk 0:03:36] } (24... Nd7 25. Be3 Rxe4 26. Qd3 f5 27. f3 Ne5 28. Nxe5 Rxe5 29. Rd1 g6 30. h4 Bg7 31. h5) 25. b3 { [%eval 2.71] [%clk 0:13:03] } 25... Ne5 { [%eval 2.73] [%clk 0:03:47] } 26. Be3 { [%eval 2.66] [%clk 0:11:39] } 26... c6 { [%eval 2.66] [%clk 0:03:18] } 27. Qd4?! { [%eval 1.8] } { Inaccuracy. Nxe5 was best. } { [%clk 0:10:54] } (27. Nxe5 Rxe5 28. dxc6 Qxc6 29. f3 d5 30. Bf4 Rh5 31. e5 b4 32. cxb4 Bxb4 33. Qd3 Rh4) 27... c5 { [%eval 1.78] [%clk 0:02:45] } 28. Qd1 { [%eval 1.75] [%clk 0:11:17] } 28... b4 { [%eval 2.16] [%clk 0:01:53] } 29. c4 { [%eval 2.21] [%clk 0:09:22] } 29... Qd7 { [%eval 2.83] [%clk 0:01:39] } 30. Nxe5 { [%eval 2.75] [%clk 0:08:52] } 30... Rxe5 { [%eval 2.78] [%clk 0:02:02] } 31. Qc2 { [%eval 2.47] [%clk 0:08:46] } 31... Qe7?! { [%eval 3.3] } { Inaccuracy. Re8 was best. } { [%clk 0:01:59] } (31... Re8 32. Bf4 Qd8 33. Re1 Qf6 34. Bg3 g6 35. Kh2 Bh6 36. Re2 Bf4 37. Qd3 Bxg3+ 38. Qxg3) 32. Bf4 { [%eval 3.34] [%clk 0:08:10] } 32... Rh5 { [%eval 3.66] [%clk 0:00:56] } 33. Re1 { [%eval 3.6] [%clk 0:07:41] } 33... g6 { [%eval 3.48] [%clk 0:01:00] } 34. Qd3 { [%eval 3.53] [%clk 0:07:02] } 34... Bg7 { [%eval 3.69] [%clk 0:01:11] } 35. Re2 { [%eval 3.16] [%clk 0:06:56] } 35... Rh4 { [%eval 3.9] [%clk 0:01:10] } 36. Qg3 { [%eval 3.86] [%clk 0:06:51] } 1-0

[Event "37th Reykjavik op"]
[Site "Reykjavik ISL"]
[Date "2024.03.18"]
[Round "6.34"]
[White "Klimkowski, Jan"]
[Black "Wong-Godfrey, Emerson P"]
[WhiteElo "2532"]
[BlackElo "1799"]
[Result "1-0"]
[EventDate "2024.03.15"]
[PlyCount "91"]

1. d4 { [%eval 0.15] [%clk 1:30:34] } 1... Nf6 { [%eval 0.16] [%clk 1:30:53] } 2. c4 { [%eval 0.16] [%clk 1:30:59] } 2... c5?! { [%eval 0.93] } { Inaccuracy. e6 was best. } { [%clk 1:31:10] } (2... e6 3. Nf3 d5 4. Nc3 Bb4 5. cxd5 exd5 6. Bg5 h6 7. Bh4) 3. d5 { [%eval 0.65] [%clk 1:30:55] } 3... b5 { [%eval 0.83] [%clk 1:30:56] } 4. cxb5 { [%eval 0.8] [%clk 1:31:01] } 4... a6 { [%eval 0.6] [%clk 1:31:17] } 5. e3 { [%eval 0.13] [%clk 1:27:57] } 5... g6?! { [%eval 1.04] } { Inaccuracy. axb5 was best. } { [%clk 1:27:14] } (5... axb5 6. Bxb5 Bb7 7. Nc3 Qa5 8. Bd2 Qb6 9. a4 Nxd5 10. Nf3) 6. Nc3 { [%eval 0.81] [%clk 1:28:09] } 6... Bg7 { [%eval 0.91] [%clk 1:24:59] } 7. Nf3 { [%eval 0.55] [%clk 1:27:21] } 7... O-O { [%eval 0.61] [%clk 1:24:25] } 8. a4 { [%eval 0.48] [%clk 1:26:29] } 8... d6 { [%eval 0.81] [%clk 1:23:07] } 9. e4 { [%eval 0.86] [%clk 1:25:30] } 9... axb5 { [%eval 1.07] [%clk 1:21:03] } 10. Bxb5 { [%eval 0.91] [%clk 1:25:24] } 10... Ba6 { [%eval 0.88] [%clk 1:20:04] } 11. Bd2 { [%eval 0.51] [%clk 1:15:01] } 11... Bxb5 { [%eval 0.55] [%clk 1:10:29] } 12. axb5 { [%eval 0.54] [%clk 1:15:24] } 12... Rxa1 { [%eval 0.58] [%clk 1:09:52] } 13. Qxa1 { [%eval 0.42] [%clk 1:15:49] } 13... Qb6 { [%eval 0.33] [%clk 1:08:49] } 14. O-O { [%eval 0.42] [%clk 1:14:27] } 14... Ne8? { [%eval 1.69] } { Mistake. Nbd7 was best. } { [%clk 1:08:09] } (14... Nbd7) 15. Bg5 { [%eval 1.52] [%clk 1:08:49] } 15... f6 { [%eval 1.49] [%clk 1:00:23] } 16. Be3 { [%eval 1.67] [%clk 1:09:15] } 16... Nc7?! { [%eval 2.74] } { Inaccuracy. Qb7 was best. } { [%clk 0:57:35] } (16... Qb7 17. Qa3) 17. b4 { [%eval 2.69] [%clk 1:07:00] } 17... Nd7 { [%eval 2.59] [%clk 0:42:16] } 18. bxc5 { [%eval 2.63] [%clk 1:07:22] } 18... Nxc5 { [%eval 3.15] [%clk 0:41:33] } 19. Qa2?? { [%eval 0.5] } { Blunder. Rb1 was best. } { [%clk 0:56:37] } (19. Rb1 Ra8 20. Qb2 Ne8 21. Qc2 f5 22. exf5 gxf5 23. h3 Bxc3 24. Qxc3 Qa5 25. Qc4 Qa4) 19... Nxb5 { [%eval 0.61] [%clk 0:28:13] } 20. Nxb5 { [%eval 0.07] [%clk 0:37:07] } 20... Qxb5 { [%eval 0.09] [%clk 0:27:59] } 21. Rb1 { [%eval 0.03] [%clk 0:35:13] } 21... Qa4 { [%eval 0.0] [%clk 0:22:55] } 22. Qxa4 { [%eval 0.0] [%clk 0:35:24] } 22... Nxa4 { [%eval 0.04] [%clk 0:23:23] } 23. Rb7 { [%eval 0.01] [%clk 0:29:53] } 23... Re8 { [%eval 0.0] [%clk 0:19:28] } 24. Rc7 { [%eval 0.0] [%clk 0:28:33] } 24... e5? { [%eval 1.16] } { Mistake. f5 was best. } { [%clk 0:17:25] } (24... f5 25. exf5 Nc3 26. fxg6 hxg6 27. Ra7 Nxd5 28. Bd2 Nf6 29. g3 Ne4 30. Bg5 Kf7 31. Ra4) 25. g4 { [%eval 1.07] [%clk 0:25:43] } 25... Rb8 { [%eval 1.09] [%clk 0:15:08] } 26. Nd2 { [%eval 1.14] [%clk 0:24:52] } 26... Bf8 { [%eval 1.08] [%clk 0:11:11] } 27. h4 { [%eval 1.01] [%clk 0:24:35] } 27... Rb4 { [%eval 1.13] [%clk 0:10:25] } 28. f3 { [%eval 0.7] [%clk 0:21:15] } 28... Nb2 { [%eval 1.12] [%clk 0:07:05] } 29. Kf1 { [%eval 1.25] [%clk 0:20:05] } 29... Nd3 { [%eval 1.61] [%clk 0:05:39] } 30. Ke2 { [%eval 1.77] [%clk 0:19:36] } 30... Nc5 { [%eval 1.98] [%clk 0:05:56] } 31. Bxc5 { [%eval 1.95] [%clk 0:17:48] } 31... dxc5 { [%eval 1.83] [%clk 0:06:23] } 32. Kd3 { [%eval 2.04] [%clk 0:17:25] } 32... f5?! { [%eval 3.08] } { Inaccuracy. Rd4+ was best. } { [%clk 0:04:13] } (32... Rd4+ 33. Kc2) 33. gxf5 { [%eval 2.98] [%clk 0:16:57] } 33... gxf5 { [%eval 3.01] [%clk 0:04:41] } 34. Nc4?? { [%eval 0.4] } { Blunder. exf5 was best. } { [%clk 0:11:38] } (34. exf5 Rf4 35. Ke2 Rxf5 36. Ne4 Rf4 37. h5 h6 38. d6 c4 39. Rc8 Kf7 40. d7 Be7) 34... Rb3+ { [%eval 0.6] [%clk 0:03:40] } 35. Ke2 { [%eval 0.39] [%clk 0:12:03] } 35... fxe4?? { [%eval 2.53] } { Blunder. Rb4 was best. } { [%clk 0:03:41] } (35... Rb4 36. Nxe5) 36. fxe4 { [%eval 2.3] [%clk 0:12:27] } 36... Rh3 { [%eval 2.74] [%clk 0:03:53] } 37. Nxe5 { [%eval 2.73] [%clk 0:11:13] } 37... Rxh4 { [%eval 2.5] [%clk 0:03:52] } 38. Kf3 { [%eval 2.6] [%clk 0:11:36] } 38... Bd6?! { [%eval 3.48] } { Inaccuracy. Bh6 was best. } { [%clk 0:03:11] } (38... Bh6 39. Nd7 Rf4+ 40. Kg3 c4 41. d6 c3 42. e5 c2 43. Rxc2 Rd4 44. Rf2 Bg7 45. Nf6+) 39. Rc8+ { [%eval 3.41] [%clk 0:12:04] } 39... Kg7 { [%eval 3.17] [%clk 0:03:32] } 40. Nc4 { [%eval 3.18] [%clk 0:11:55] } 40... Rh6?! { [%eval 4.33] } { Inaccuracy. Be7 was best. } { [%clk 0:00:38] } (40... Be7 41. d6) 41. e5 { [%eval 4.23] [%clk 0:07:46] } 41... Rh5 { [%eval 5.21] [%clk 0:26:29] } 42. exd6 { [%eval 5.14] [%clk 0:37:07] } 42... Rxd5 { [%eval 5.15] [%clk 0:26:37] } 43. Ke4 { [%eval 5.22] [%clk 0:37:27] } 43... Rd4+ { [%eval 4.9] [%clk 0:26:16] } 44. Ke5 { [%eval 5.08] [%clk 0:37:53] } 44... Rxc4 { [%eval 4.95] [%clk 0:26:35] } 45. d7 { [%eval 4.88] [%clk 0:38:19] } 45... Rd4 { [%clk 0:26:21] } 46. d8=Q { [%clk 0:38:42] } 1-0

[Event "37th Reykjavik op"]
[Site "Reykjavik ISL"]
[Date "2024.03.18"]
[Round "6.35"]
[White "Cherukuri, Nitesh"]
[Black "Cornette, Matthieu"]
[WhiteElo "2000"]
[BlackElo "2575"]
[Result "0-1"]
[EventDate "2024.03.15"]
[PlyCount "58"]

1. e4 { [%eval 0.13] [%clk 1:23:48] } 1... e5 { [%eval 0.17] [%clk 1:30:44] } 2. Nf3 { [%eval 0.21] [%clk 1:24:06] } 2... Nc6 { [%eval 0.13] [%clk 1:31:09] } 3. Bc4 { [%eval 0.14] [%clk 1:24:32] } 3... Nf6 { [%eval 0.21] [%clk 1:31:31] } 4. d3 { [%eval 0.21] [%clk 1:24:57] } 4... Bc5 { [%eval 0.18] [%clk 1:31:29] } 5. c3 { [%eval 0.18] [%clk 1:25:16] } 5... d6 { [%eval 0.27] [%clk 1:31:41] } 6. O-O { [%eval 0.17] [%clk 1:25:20] } 6... a6 { [%eval 0.18] [%clk 1:31:58] } 7. a4 { [%eval 0.19] [%clk 1:25:36] } 7... Ba7 { [%eval 0.13] [%clk 1:32:02] } 8. Nbd2 { [%eval 0.26] [%clk 1:25:12] } 8... O-O { [%eval 0.26] [%clk 1:31:50] } 9. h3 { [%eval 0.18] [%clk 1:25:09] } 9... Ne7 { [%eval 0.34] [%clk 1:32:04] } 10. Re1 { [%eval 0.23] [%clk 1:24:22] } 10... Ng6 { [%eval 0.51] [%clk 1:32:16] } 11. Nf1 { [%eval 0.28] [%clk 1:24:03] } 11... c6 { [%eval 0.26] [%clk 1:32:24] } 12. Ng3 { [%eval 0.15] [%clk 1:20:49] } 12... d5 { [%eval 0.16] [%clk 1:29:54] } 13. Ba2 { [%eval 0.09] [%clk 1:19:50] } 13... Be6 { [%eval -0.05] [%clk 1:28:56] } 14. Qc2 { [%eval -0.17] [%clk 1:14:50] } 14... Qc7 { [%eval -0.07] [%clk 1:20:59] } 15. Nf5?! { [%eval -0.82] } { Inaccuracy. Bg5 was best. } { [%clk 1:03:16] } (15. Bg5 Kh8 16. b4 Qd7 17. Kh2 Ng8 18. Be3 Bxe3 19. fxe3 f5 20. exf5 Bxf5 21. Rf1 Rae8) 15... Rfe8 { [%eval -0.37] [%clk 1:03:33] } 16. g4? { [%eval -1.86] } { Mistake. N5h4 was best. } { [%clk 0:59:11] } (16. N5h4 Nxh4 17. Nxh4 h6 18. Be3 Bxe3 19. Rxe3 c5 20. exd5 Bxd5 21. Bc4 b5 22. Bxd5 Nxd5) 16... Nd7? { [%eval -0.63] } { Mistake. h5 was best. } { [%clk 0:56:40] } (16... h5 17. Nh2 Nf4 18. Bxf4 exf4 19. g5 f3 20. Kh1 Nh7 21. g6 Bxf5 22. exf5 Ng5 23. Qd2) 17. h4?! { [%eval -1.57] } { Inaccuracy. Kh1 was best. } { [%clk 0:51:39] } (17. Kh1 b5) 17... h5 { [%eval -1.21] [%clk 0:53:47] } 18. gxh5 { [%eval -1.21] [%clk 0:43:08] } 18... Bxf5 { [%eval -1.38] [%clk 0:53:55] } 19. hxg6 { [%eval -1.33] [%clk 0:43:09] } 19... Bxg6 { [%eval -1.33] [%clk 0:54:02] } 20. Kg2 { [%eval -1.65] [%clk 0:40:50] } 20... Nc5?! { [%eval -1.06] } { Inaccuracy. Nf6 was best. } { [%clk 0:49:17] } (20... Nf6 21. Ng5 Rad8 22. Bb3 Rd6 23. a5 Bh5 24. f3 Nh7 25. f4 exf4 26. Bxf4 Qd7 27. Bxd6) 21. Bg5?! { [%eval -1.98] } { Inaccuracy. h5 was best. } { [%clk 0:34:59] } (21. h5 Bxh5) 21... Qd7 { [%eval -1.9] [%clk 0:49:02] } 22. Kg3?! { [%eval -2.59] } { Inaccuracy. Nh2 was best. } { [%clk 0:32:34] } (22. Nh2 Bh5 23. Rg1 f6 24. Be3 Ne6 25. Rae1 Kh8 26. Kh1 dxe4 27. Bxe6 Rxe6 28. dxe4 Rd6) 22... Bh5 { [%eval -2.8] [%clk 0:45:13] } 23. Nh2 { [%eval -2.68] [%clk 0:32:31] } 23... Ne6 { [%eval -2.56] [%clk 0:38:41] } 24. Rg1?? { [%eval -5.45] } { Blunder. f3 was best. } { [%clk 0:27:25] } (24. f3 f6 25. Bc1 Kh8 26. Kg2 Re7 27. Kh1 g6 28. exd5 cxd5 29. Qg2 Rh7 30. d4 exd4) 24... Nf4 { [%eval -5.35] [%clk 0:35:58] } 25. Bxf4 { [%eval -5.66] [%clk 0:26:18] } 25... exf4+ { [%eval -5.56] [%clk 0:36:24] } 26. Kg2 { [%eval -5.66] [%clk 0:26:36] } 26... f3+ { [%eval -5.5] [%clk 0:36:07] } 27. Kh1 { [%eval -5.4] [%clk 0:27:00] } 27... Bb8 { [%eval -5.34] [%clk 0:36:24] } 28. e5 { [%eval -6.19] [%clk 0:25:53] } 28... Bxe5 { [%eval -6.28] [%clk 0:34:52] } 29. d4 { [%eval -5.73] [%clk 0:26:10] } 29... Bxh2 { [%eval -5.45] [%clk 0:32:55] } 0-1